| 000 | 00784aam a2200301 4500 | ||
|---|---|---|---|
| 005 | 20260213193108.0 | ||
| 008 | 150407b2013 xxu||||| |||| 00| 0 spa d | ||
| 020 | _a9583505137 | ||
| 041 | _aESP | ||
| 082 | _a364 EL37m2 | ||
| 100 |
_aElbert, Carlos Alberto _94747 |
||
| 245 | _aManual básico de criminología. | ||
| 250 | _a2 edición | ||
| 260 | _aColombia | ||
| 260 | _bEditorial Temis | ||
| 260 | _c2005 | ||
| 300 | _a282 páginas | ||
| 490 | _aInvestigación Criminal | ||
| 650 | _aCRIMINOLOGÍA | ||
| 650 | _aSABER CIENTÍFICO | ||
| 650 | _aPOSITIVISMO CRIMINOLÓGICO | ||
| 650 | _aCONFLITO | ||
| 650 | _aORIGEN CIENTÍFICO | ||
| 650 | _aSOCIOLOGÍA CRIMINAL | ||
| 650 | _aSOCIOLOGÍA CRÍTICA | ||
| 650 | _aSOCIOLOGÍA DEL CONFLICTO | ||
| 942 |
_cBK _2ddc |
||
| 999 |
_c4216 _d4216 |
||